000 00606nam a2200205Ia 4500
005 20250507130342.0
008 008 250505s9999 xx 000 0 chi d
020 _a9789570190205
037 _aAnnuals, Advances
040 _aEASL
_beng
_cEASL
041 _achi
_2eng
084 _aP41,3, P4
_qEASL
100 _aWei Pei Quan Au.
_9665189
245 0 _aHan wei liu chao cheng zi yan jiu
260 _aChina
_bTaibei Zhong yang yanjiu yuan, yuyan xue yanjiu suo
_c2004
300 _a369p.
650 _aCL
_9642733
942 _cTEXL
_hP41,3, P4
999 _c1319168
_d1319168